[Event "VEN-ch Expertos"]
[Site "Caracas"]
[Date "2022.04.14"]
[Round "3"]
[White "Indriago Brito, Angel Modesto"]
[Black "Gimon Bastardo, Miguel Angel"]
[Result "1/2-1/2"]
[WhiteElo "2009"]
[BlackElo "2008"]
[PlyCount "48"]
[EventDate "2022.04.13"]
[EventType "swiss"]
[EventRounds "7"]
[EventCountry "VEN"]
[SourceTitle "CBM 207 Extra"]
[Source "ChessBase"]
[SourceDate "2022.05.31"]
[SourceVersion "1"]
[SourceVersionDate "2022.05.31"]
[SourceQuality "1"]

1. d4 d5 2. c4 c6 3. e3 Nf6 4. Nc3 e6 5. Nf3 Be7 6. Be2 Nbd7 7. 0-0 0-0 8. b3 b6 9. Bb2 Bb7 10. Rc1 Rc8 11. Bd3 Re8 12. Qe2 Bd6 13. Rfd1 Qe7 14. h3 h6 15. cxd5 Nxd5 16. Nxd5 cxd5 17. Rxc8 Rxc8 18. Rc1 Rxc1+ 19. Bxc1 Qd8 20. Qc2 Qc7 21. Qxc7 Bxc7 22. Ba3 a6 23. Kf1 g6 24. Ke2 Kg7 1/2-1/2

[Event "VEN-ch"]
[Site "Guatire"]
[Date "2020.01.27"]
[Round "5"]
[White "Zowain Aguilar, Luis Alfonso"]
[Black "Gimon Bastardo, Miguel Angel"]
[Result "1-0"]
[WhiteElo "2305"]
[BlackElo "2076"]
[PlyCount "81"]
[EventDate "2020.01.25"]
[EventType "tourn"]
[EventRounds "9"]
[EventCountry "VEN"]
[EventCategory "1"]
[SourceTitle "CBM 194 Extra"]
[Source "ChessBase"]
[SourceDate "2020.03.31"]
[SourceVersion "1"]
[SourceVersionDate "2020.03.31"]
[SourceQuality "1"]

1. e4 d6 2. d4 Nf6 3. Nc3 g6 4. Bg5 Bg7 5. Qd2 0-0 6. Bh6 c5 7. Bxg7 Kxg7 8. f4 cxd4 9. Qxd4 Nc6 10. Qd2 Qa5 11. a3 b5 12. Bd3 b4 13. Nd5 Rb8 14. Nxf6 exf6 15. Nf3 Qc5 16. Qf2 bxa3 17. Qxc5 dxc5 18. b3 Be6 19. Kd2 Rfd8 20. Kc3 Nb4 21. Rxa3 Nxd3 22. cxd3 Rd7 23. Rha1 Rbd8 24. Ne1 Rb7 25. Nc2 Rbd7 26. Rd1 f5 27. e5 Bd5 28. Ne3 Be6 29. Ra5 Rb7 30. Nc4 Bxc4 31. bxc4 Rc7 32. Re1 Rd4 33. Rxc5 Rxd3+ 34. Kxd3 Rxc5 35. Kd4 Rc7 36. c5 Kf8 37. Kd5 Rd7+ 38. Kc6 Rd2 39. Kb7 Ke7 40. c6 a5 41. Rb1 1-0

[Event "VEN-ch"]
[Site "Guatire"]
[Date "2020.01.25"]
[Round "2"]
[White "Castro Torres, Jose Luis"]
[Black "Gimon Bastardo, Miguel Angel"]
[Result "1-0"]
[WhiteElo "2341"]
[BlackElo "2076"]
[PlyCount "74"]
[EventDate "2020.01.25"]
[EventType "tourn"]
[EventRounds "9"]
[EventCountry "VEN"]
[EventCategory "1"]
[SourceTitle "CBM 194 Extra"]
[Source "ChessBase"]
[SourceDate "2020.03.31"]
[SourceVersion "1"]
[SourceVersionDate "2020.03.31"]
[SourceQuality "1"]

1. e4 c5 2. Nf3 d6 3. d4 cxd4 4. Qxd4 Nc6 5. Bb5 Bd7 6. Qd3 g6 7. Nc3 Nf6 8. Bg5 Bg7 9. Bxc6 Bxc6 10. 0-0-0 Qa5 11. Qe2 0-0 12. a3 Rfc8 13. h4 b5 14. Nd4 b4 15. Nb3 Qb6 16. Be3 Qc7 17. axb4 Nxe4 18. Nd5 Bxd5 19. Rxd5 Bxb2+ 20. Kxb2 Nc3 21. Qd3 Nxd5 22. Qxd5 Qxc2+ 23. Ka3 a5 24. bxa5 e6 25. Qd2 Qe4 26. Qb4 Rc4 27. Qb5 Rac8 28. Rc1 Rxc1 29. Bxc1 Qxg2 30. Be3 Qe4 31. h5 Qf5 32. Qb7 e5 33. a6 Qe6 34. a7 Qe8 35. h6 Ra8 36. Na5 d5 37. Nc6 d4 1-0